书目信息 |
| 题名: |
80年代的科学
|
|
| 作者: | ;《80年代的科学》编辑部 编 | |
| 分册: | 3 | |
| 出版信息: | 北京 科学出版社 1980 |
|
| 页数: | 55页 | |
| 开本: | 26cm | |
| 丛书名: | ||
| 单 册: | ||
| 中图分类: | N55 | |
| 科图分类: | ||
| 主题词: | 自然科学--连续出版物 , 自然科学--斯刊 | |
| 电子资源: | ||
| ISBN: | ||
| 000 | 00630nam0 2200205 450 | |
| 001 | 0632696677 | |
| 005 | 20060524090725.00 | |
| 010 | @dCNY0.37 | |
| 100 | @a20060524d1980 km y0chiy0120 ea | |
| 101 | 0 | @achi |
| 102 | @aCN@b110000 | |
| 200 | 1 | @a80年代的科学@A80 nian dai de ke xue@h3@f《80年代的科学》编辑部编@F《80 nian dai de ke xue》bian ji bu bian |
| 210 | @a北京@c科学出版社@d1980 | |
| 215 | 1 | @a55页@d26cm |
| 606 | 0 | @a自然科学@x连续出版物 |
| 606 | 0 | @a自然科学@x斯刊 |
| 690 | @aN55@v4 | |
| 711 | 0 | @a《80年代的科学》编辑部@A《80 nian dai de ke xue》bian ji bu@4编 |
| 801 | 0 | @aCN@bPFT@c20060524 |
| 905 | @a10447@dN55@e3/80 | |
| 80年代的科学.3/《80年代的科学》编辑部编.-北京:科学出版社,1980 |
| 55页;26cm |
| ISBN :CNY0.37 |
| ● |
| 相关链接 |
|
|
|
|
正题名:80年代的科学
索取号:N55/3/80
 
预约/预借
| 序号 | 登录号 | 条形码 | 馆藏地/架位号 | 状态 | 备注 |
| 1 | 0038083 | 202376375 | 密集书库/ [索取号:N55/3/80] | 在馆 |